000 00973nas a2200301 4500
001 BR2018002201
003 BR-BrBNA
005 20231205131437.0
007 ta
008 230509b bl.|||p| |||| 00| 00por d
040 _aBR-BrBNA
_bpor
_cBiblioteca Nacional de Agricultura
041 _a(Pt)
072 _aP36; P33
100 1 _aAraujo, J.L.
100 1 _aSevero, P.J. da S.
100 1 _aLucena, F.T.C.
100 1 _aVeriato, R.G.
100 1 _aPaiva, K.F. de
245 1 _aEnxofre elementar ou sulfato de cálcio para remediação de solos salino-sódicos?
650 _aANÁLISE DO SOLO
650 _aSALINIDADE
650 _aALCALINIDADE
650 _aRECUPERAÇÃO DO SOLO
773 0 _tPesquisa Agropecuária Tropical (Brazil)
_xISSN 1983-4063
_g(Oct-Dec 2015), v. 45(4) p. 388-396
_wBR2018002201
856 4 0 _uhttp://www.scielo.br/pdf/pat/v45n4/1517-6398-pat-45-04-0388.pdf
909 _a202311
_bLúcia
_c55
_dLúcia Elande
942 _2AGRIS
_n0
_cANA
999 _c254854
_d254854